[Event "Michigan Open"]
[Site "Lansing, MI"]
[Date "2001.09.03"]
[Round "6.5"]
[White "Chobanyan, Sergei"]
[Black "Chehayeb, Sal"]
[Result "1-0"]
[WhiteElo "2283"]
[BlackElo "1976"]
[PlyCount "113"]
[EventDate "2001.08.31"]

1. e4 c5 2. Nc3 g6 3. g3 Bg7 4. Bg2 Nc6 5. f4 e6 6. d3 Nge7 7. Be3 d6 8. Nf3
Nd4 9. O-O Nec6 10. Rb1 Qa5 11. Nd2 b5 12. a3 Bd7 13. Ne2 Rc8 14. c3 Nxe2+ 15.
Qxe2 Ne7 16. e5 d5 17. Nb3 Qd8 18. Nxc5 Nf5 19. Bf2 Bc6 20. Nb3 O-O 21. Bxa7
Ba8 22. Bf2 h6 23. Nd4 Qd7 24. g4 Ne7 25. Bg3 Rfe8 26. Rf2 Bf8 27. f5 exf5 28.
gxf5 Nxf5 29. Nxf5 gxf5 30. d4 f6 31. Rbf1 fxe5 32. Bxe5 Bg7 33. Rxf5 Re7 34.
Qg4 Kh7 35. Qh5 Rg8 36. Rf7 Bc6 37. Bh3 Rxe5 38. dxe5 Qd8 39. Bf5+ Kh8 40. Qg6
Qg5+ 41. Qxg5 hxg5 42. Rf3 Re8 43. Rh3+ Kg8 44. e6 Ra8 45. Rg3 Be8 46. Rb7 Bf6
47. h4 b4 48. axb4 Ra1+ 49. Kf2 Ra2 50. Rb8 Rxb2+ 51. Kf1 Kf8 52. Bg6 Be5 53.
Rxe8+ Kg7 54. Rxg5 Bxc3 55. Bf5+ Kf6 56. Rf8+ Ke5 57. e7 1-0

[Event "Michigan Open"]
[Site "Lansing, MI"]
[Date "2001.09.03"]
[Round "7.9"]
[White "Chehayeb, Sal"]
[Black "Skidmore, Jennifer"]
[Result "1-0"]
[WhiteElo "1976"]
[BlackElo "1906"]
[PlyCount "75"]
[EventDate "2001.08.31"]

1. e4 e5 2. Nf3 d6 3. d4 Nf6 4. Bc4 exd4 5. O-O Be7 6. Re1 c5 7. c3 dxc3 8.
Nxc3 O-O 9. h3 Nc6 10. Bf4 a6 11. a4 Ne8 12. Nd5 Be6 13. Nxe7+ Qxe7 14. Bd5 h6
15. Qb3 Nc7 16. Rad1 Rfd8 17. Bg3 Rab8 18. Bh4 f6 19. Bg3 Ne5 20. Nh4 Nxd5 21.
exd5 Bd7 22. f4 g5 23. fxe5 gxh4 24. exd6 Qf8 25. Bxh4 c4 26. Qa3 Re8 27. Re7
Rxe7 28. dxe7 Qf7 29. Qg3+ Kh7 30. Qxb8 Qxe7 31. Qf4 Qc5+ 32. Qd4 Qb4 33. Bxf6
Kg6 34. Rf1 Qxa4 35. Qe4+ Kf7 36. Qh7+ Kf8 37. Qg7+ Ke8 38. Qe7# 1-0

[Event "Michigan Open Reserve"]
[Site "Lansing, MI"]
[Date "2001.09.03"]
[Round "7.8"]
[White "Cepeda, Diego"]
[Black "McCarter, Robert"]
[Result "1-0"]
[WhiteElo "1532"]
[BlackElo "1600"]
[PlyCount "47"]
[EventDate "2001.08.31"]

1. d4 d5 2. Bf4 Nf6 3. Nf3 e6 4. e3 c5 5. c3 Qb6 6. Qc2 Be7 7. Bd3 O-O 8. O-O
Nh5 9. Bg5 Bxg5 10. Bxh7+ Kh8 11. Nxg5 f5 12. Bg6 Nf6 13. Nd2 Nc6 14. Ndf3 Ne7
15. Ne5 Bd7 16. f4 Be8 17. Bxe8 Rfxe8 18. Qf2 Rac8 19. Qh4+ Kg8 20. Rae1 cxd4
21. exd4 Qxb2 22. Nxe6 Qxc3 23. Qg5 Nh5 24. Qxh5 1-0

[Event "Michigan Open Reserve"]
[Site "Lansing, MI"]
[Date "2001.09.03"]
[Round "6.6"]
[White "Capeda, Diego"]
[Black "Laurin, Edward"]
[Result "0-1"]
[WhiteElo "1532"]
[BlackElo "1551"]
[PlyCount "120"]
[EventDate "2001.08.31"]

1. d4 d6 2. Bf4 Nf6 3. Nf3 g6 4. Nbd2 Bg7 5. e4 c6 6. h3 Nbd7 7. Bd3 O-O 8. Qe2
b5 9. O-O Bb7 10. c4 bxc4 11. Bxc4 d5 12. Bb3 c5 13. e5 Ne4 14. Bxd5 Bxd5 15.
Nxe4 cxd4 16. Rfd1 Qc7 17. Rxd4 e6 18. Nf6+ Bxf6 19. exf6 Qd8 20. Bh6 Re8 21.
Bg5 Qb6 22. Rad1 Qa5 23. b4 Bxf3 24. Qxf3 Qxg5 25. Rxd7 h5 26. Re7 Rad8 27.
Rxd8 Rxd8 28. Rxa7 Qc1+ 29. Kh2 Rd1 30. Qa8+ Kh7 31. Rxf7+ Kh6 32. g3 Qd2 33.
Qf3 Qe1 34. h4 Qg1+ 35. Kh3 Qf1+ 36. Qg2 Qe1 37. Rf8 g5 38. Rh8+ Kg6 39. Rg8+
Kxf6 40. Qf3+ Ke5 41. Rxg5+ Kd4 42. Qe3+ Qxe3 43. fxe3+ Kxe3 44. Rc5 Kf3 45.
Rc3+ Kf2 46. Rc2+ Kf3 47. Kh2 e5 48. b5 e4 49. Rb2 e3 50. Rb3 Kf2 51. b6 e2 52.
Rb2 Rd8 53. b7 Rb8 54. a4 Kf1 55. Rb5 e1=Q 56. Rf5+ Qf2+ 57. Rxf2+ Kxf2 58. Kh3
Rxb7 59. g4 Rb3+ 60. Kh2 hxg4 0-1

[Event "Michigan Open Reserve"]
[Site "Lansing, MI"]
[Date "2001.09.03"]
[Round "7.10"]
[White "Bailey, Dennis"]
[Black "Ash, Richard"]
[Result "1-0"]
[WhiteElo "1268"]
[BlackElo "1781"]
[Annotator "Bob Ciaffone"]
[PlyCount "27"]
[EventDate "2001.08.31"]

{Queen's Pawn: Zukertort (London) This miniature, where black was crushed
after only ten moves, shows the truth about some doubled-pawn positions.
Doubled pawns are not always a disadvantage. If a knight-pawn gets doubled by
a capture by the rook-pawn, the rook gets an open file right away. White shows
us how to use such a file.} 1. d4 d5 2. Nf3 Nf6 3. Bf4 {This move institutes
the London System, a playable but unambitious line. The approved reaction for
black.} c5 $1 4. c3 Qb6 {Another good move, hitting the dark squares weakened
by the departure of the white bishop.} 5. Qb3 {DIAGRAM Should Black trade
Queens?} Qxb3 $6 {Wrong. The doubling of the white b-pawn caused by recapture
of the a-pawn is an advantage, not a weakness. A file is opened for the white
rook without it having to move, and the white center is strengthened. Correct
was 5. ..c4 inviting white to trade queens, which he is advised to avoid by 6.
Qc2.} 6. axb3 b6 $2 {Black needs to develop the Nb8 before its capture by the
Bf4 deflects the Ra8 from the defense of the a-pawn.} 7. e3 Bb7 8. Bxb8 $1 Rxb8
9. Bb5+ $1 {Black has gotten into hot water.} Nd7 {Black is lost, but this
makes it worse.} 10. Ne5 Bc8 11. Rxa7 {This three-on-two fast break ends the
game.} Rb7 12. Rxb7 Bxb7 13. Bxd7+ Kd8 14. Bb5 {A good lesson in pawn
structure principles.} 1-0

[Event "Michigan Open Reserve"]
[Site "Lansing, MI"]
[Date "2001.09.03"]
[Round "7.13"]
[White "Aldrich, Justin"]
[Black "Sundeen, David"]
[Result "1-0"]
[WhiteElo "1525"]
[BlackElo "1612"]
[PlyCount "95"]
[EventDate "2001.08.31"]

1. e4 e5 2. Nf3 Nf6 3. Nc3 Nc6 4. Bc4 Bb4 5. d3 O-O 6. a3 Ba5 7. O-O a6 8. b4
Bb6 9. Bg5 d6 10. Nd5 Kh8 11. Nxf6 gxf6 12. Bh6 Rg8 13. Bxf7 Rxg2+ 14. Kxg2 Qd7
15. Rg1 Qxf7 16. Kh1 Qh5 17. Bg7+ Kg8 18. Bxf6+ Kf8 19. Ng5 Qh6 20. Qf3 Ke8 21.
Bh8 Be6 22. Nxe6 Qxe6 23. Qh5+ Kd7 24. Qxh7+ Ne7 25. Rg7 Re8 26. Rf7 Kc6 27.
Bf6 Qg4 28. Bh4 Rg8 29. Bg3 Qe2 30. Qh3 Rg6 31. Qf1 Qxf1+ 32. Rxf1 Ng8 33. Kg2
Kb5 34. f4 exf4 35. R7xf4 Ka4 36. Rb1 Nf6 37. Rb3 Bd4 38. b5 d5 39. Kf1 Ng4 40.
Ke2 Nxh2 41. Rh4 Ng4 42. Bf4 Nf6 43. Rh1 Rg2+ 44. Kd1 Nd7 45. Bd2 Nc5 46. Rb1
Kxa3 47. c3 Ka2 48. Kc2 1-0

[Event "Michigan Open"]
[Site "Lansing, MI"]
[Date "2001.09.03"]
[Round "6.8"]
[White "Aldrich, Jeff"]
[Black "Hahn, David"]
[Result "0-1"]
[WhiteElo "1900"]
[BlackElo "2162"]
[Annotator "Jeff Aldrich"]
[PlyCount "80"]
[EventDate "2001.08.31"]

{Dutch: Leningrad (Matulovic)} 1. d4 d6 2. c4 f5 3. g3 g6 4. Bg2 Bg7 5. Nc3 Nf6
6. Nf3 O-O 7. O-O Nc6 8. Rb1 $6 ({Not the right plan. Better is} 8. d5 {
preventing the e5 push. I was worried about the advanced pawns becoming weak.
Now, black owns the center.}) 8... e5 9. dxe5 dxe5 10. Bg5 Be6 11. Nd5 $2 ({
According to Fritz, white can get away with} 11. Qb3 Na5 12. Qb5 Nxc4 13. Nxe5)
11... e4 12. Ne1 Bxd5 13. cxd5 Qxd5 {Simple enough. White has serious problems.
} 14. f3 {Just trying to open things up a bit.} Qxa2 15. Bxf6 Bxf6 16. fxe4
Bd4+ 17. Kh1 fxe4 18. Nc2 Rxf1+ 19. Bxf1 Rd8 20. Nxd4 Rxd4 21. Qc1 Qc4 22. Qf4
Qf7 23. Qe3 {White has no chance if the queens come off.} Qd5 24. Bh3 Rd1+ 25.
Rxd1 Qxd1+ 26. Kg2 Qd5 27. Bc8 Ne7 28. Bg4 b6 29. Qc3 c5 30. Qf6 Nf5 31. Bxf5 {
DIAGRAM} e3+ $1 ({White might get a little couter-play after} 31... Qxf5 {
Probably not, but just might?!}) 32. Kg1 Qd1+ 33. Kg2 Qxe2+ {My brother was
impressed by the fact that I went the entire game without moving my e-pawn.}
34. Kh3 {With both of us in time pressue, I hoping to find a little break and
maybe get a perpetual.} Qh5+ 35. Kg2 Qe2+ 36. Kh3 Qf1+ 37. Kh4 Qxf5 38. Qd8+
Kg7 39. Qe7+ Kh6 40. Qxe3+ g5+ $1 {Winning the queen.} 0-1

[Event "Michigan Open"]
[Site "Lansing, MI"]
[Date "2001.09.03"]
[Round "7.13"]
[White "Aldrich, Jeff"]
[Black "Dorrington, Eldon"]
[Result "1-0"]
[WhiteElo "1900"]
[BlackElo "1656"]
[PlyCount "71"]
[EventDate "2001.08.31"]

1. d4 Nf6 2. c4 g6 3. Nc3 Bg7 4. e4 d6 5. f3 Nc6 6. Be3 O-O 7. Nge2 e5 8. d5
Ne7 9. Qd2 Nd7 10. h4 f6 11. h5 Kf7 12. g3 Rh8 13. O-O-O b6 14. b3 Nc5 15. b4
Nb7 16. Bh3 a5 17. b5 g5 18. Bxc8 Rxc8 19. f4 h6 20. Rdf1 Kg8 21. Nd1 Kh7 22.
fxg5 fxg5 23. Ng1 Rf8 24. Nf3 Qe8 25. g4 Nc5 26. Nc3 Nd7 27. Bxg5 Nf6 28. Bxh6
Bxh6 29. g5 Ra8 30. gxh6 Nxh5 31. Ng5+ Kg6 32. h7 Rh8 33. Rxh5 Kxh5 34. Nf7
Qxf7 35. Rxf7 Ng6 36. Qe2+ 1-0

[Event "Bottom-Half Class Top Section"]
[Site "Farmington Hills, MI"]
[Date "2001.10.06"]
[Round "4.5"]
[White "Skidmore, Jennifer"]
[Black "Ceterski, Tom"]
[Result "1-0"]
[WhiteElo "1913"]
[BlackElo "1802"]
[PlyCount "43"]
[EventDate "2001.06.08"]

1. e4 d6 2. d4 Nf6 3. Bd3 Nbd7 4. f4 e5 5. c3 c6 6. Nf3 Qc7 7. O-O Be7 8. Nh4
Nf8 9. Qe1 Bd7 10. b4 Ng6 11. fxe5 dxe5 12. Nf5 O-O 13. Nxe7+ Nxe7 14. Bg5 exd4
15. e5 Nfd5 16. c4 Nxb4 17. Qxb4 c5 18. Qe1 Be6 19. Nd2 Nc6 20. Qh4 h6 21. Bxh6
Nxe5 22. Bxg7 {Black Resigns} 1-0

[Event "Genesee County CC Championship"]
[Site "Flint, MI"]
[Date "2001.10.10"]
[Round "1.7"]
[White "Sanders, Travis"]
[Black "Laurin, Edward"]
[Result "0-1"]
[WhiteElo "813"]
[BlackElo "1555"]
[Annotator "Edward Laurin"]
[PlyCount "34"]
[EventDate "2001.10.10"]

1. e4 b6 2. Nc3 Bb7 3. g3 e6 4. a3 {This move is too passive, better is to
just play d4 followed by Bd2 or Nce2 if you are concerned with the pin on the
c3 knight.} Nf6 5. Bg2 d5 6. e5 Nfd7 7. d4 c5 8. Nh3 {This move narrows the
scope of the knight. Better is to play Nf3 to protect the d4 pawn and still
control g5. Blocking in the white bishop is of no concern since it has no
where to go anyway.} Nc6 9. Nxd5 $1 {This is an interesting tactical shot. If
9) ... ed 10) Bxd5 then white controls a good deal of the squares around
black's uncastled king and this will lead to problems.} Nxd4 10. Nf6+ Nxf6 11.
Bxb7 Rb8 12. exf6 Rxb7 13. fxg7 Bxg7 14. Bg5 Qd5 15. O-O $2 {This is one of
those occasions where castling is bad. You no longer have a white bishop
controling the squares around your king, so black's queen on the white
diagonal has full control.} Nf3+ 16. Kg2 $2 {Better was to play Nh1, at least
then the knight cannot move off and attain a double check.} Ne1+ 17. Kg1 Qg2#
0-1

[Event "Nowhere Open"]
[Site "Birch Run, MI"]
[Date "2001.10.14"]
[Round "1"]
[White "Thick, Stephen"]
[Black "Laurin, Edward"]
[Result "0-1"]
[WhiteElo "881"]
[BlackElo "1555"]
[PlyCount "110"]
[EventDate "2001.10.14"]

1. f4 d5 2. b3 Bf5 3. Bb2 e6 4. e3 Nf6 5. Nc3 Nbd7 6. Bb5 c6 7. Bd3 Bxd3 8.
cxd3 Nc5 9. Qe2 d4 10. Ne4 Nfxe4 11. dxe4 dxe3 12. Qxe3 Nd3+ 13. Ke2 Nxb2 14.
f5 exf5 15. exf5+ Qe7 16. Nf3 Qxe3+ 17. dxe3 Rd8 18. Ne5 Bb4 19. Rhf1 Rd2+ 20.
Kf3 Nd3 21. Nc4 Rc2 22. Rad1 Nb2 23. Nd6+ Bxd6 24. Rxd6 Rc5 25. Re1 Ke7 26. Rd4
Rxf5+ 27. Kg4 Rf2 28. Kg3 Rf6 29. e4 Rd8 30. Rb4 Rg6+ 31. Kf2 Nd3+ 32. Kf1 Nxb4
33. a3 Rd2 34. axb4 Rgxg2 35. Ra1 Rdf2+ 36. Ke1 Rg1+ 37. Kxf2 Rxa1 38. Kf3 Ke6
39. Kf4 Ra2 40. h4 f6 41. h5 g5+ 42. hxg6 hxg6 43. b5 cxb5 44. b4 g5+ 45. Kg4
Rh2 46. Kg3 Rh4 47. Kf3 Ke5 48. Kg3 Kxe4 49. Kg2 Rf4 50. Kg3 Ke3 51. Kg2 Rf3
52. Kg1 Rf2 53. Kh1 Kf3 54. Kg1 Kg3 55. Kh1 Rf1# 0-1

[Event "Nowhere Open"]
[Site "Birch Run, MI"]
[Date "2001.10.14"]
[Round "2"]
[White "Laurin, Edward"]
[Black "Morris, Jewell"]
[Result "0-1"]
[WhiteElo "1555"]
[BlackElo "1853"]
[PlyCount "63"]
[EventDate "2001.10.14"]

1. e4 c6 2. d4 d5 3. Nd2 dxe4 4. Nxe4 Bf5 5. f3 e5 6. Be3 Bxe4 7. fxe4 Qh4+ 8.
Bf2 Qxe4+ 9. Qe2 Qxe2+ 10. Bxe2 Nd7 11. Nf3 e4 12. Ng5 Ngf6 13. Bc4 Nd5 14.
Nxe4 N7b6 15. Bxd5 Nxd5 16. O-O-O f6 17. Rhe1 O-O-O 18. c4 Nb6 19. d5 Nxc4 20.
dxc6 Rxd1+ 21. Rxd1 bxc6 22. Bxa7 f5 23. Ng5 Bd6 24. g3 f4 25. Nf7 fxg3 26.
Nxd6+ Nxd6 27. Rxd6 gxh2 28. Rd1 Re8 29. Bf2 Re2 30. Bc5 Rg2 31. Bd6 g5 32. Rf1
0-1

[Event "Nowhere Open"]
[Site "Birch Run, MI"]
[Date "2001.10.14"]
[Round "5"]
[White "Laurin, Edward"]
[Black "Hershberger, Kent"]
[Result "1-0"]
[WhiteElo "1555"]
[BlackElo "1463"]
[PlyCount "110"]
[EventDate "2001.10.14"]

1. e4 e5 2. Nf3 Nf6 3. Nxe5 d6 4. Nf3 Nxe4 5. Qe2 Qe7 6. d3 Nf6 7. Bg5 Qxe2+ 8.
Bxe2 Be7 9. Nbd2 Be6 10. O-O Nbd7 11. Rfe1 O-O 12. Ne4 Rfe8 13. Nxf6+ Nxf6 14.
Nd2 h6 15. Be3 Nd5 16. c3 Nxe3 17. fxe3 Bg5 18. Bf3 c6 19. Ne4 Be7 20. c4 f5
21. Nc3 Bg5 22. Kf2 Bf7 23. g3 h5 24. b4 Re6 25. Re2 Rae8 26. Rae1 h4 27. b5
hxg3+ 28. hxg3 Rc8 29. e4 f4 30. Bg4 fxg3+ 31. Kg2 Rce8 32. Bxe6 Rxe6 33. bxc6
bxc6 34. Rb1 Bf4 35. Reb2 Rh6 36. Rh1 Rh2+ 37. Rxh2 gxh2 38. Ne2 g5 39. Nxf4
gxf4 40. Kxh2 f3 41. Kg3 Bh5 42. Kh4 Bf7 43. Rf2 d5 44. cxd5 cxd5 45. e5 d4 46.
a3 Bd5 47. Kg4 Kf7 48. Rxf3+ Bxf3+ 49. Kxf3 Ke6 50. Ke4 a6 51. Kxd4 a5 52. Kc5
Kxe5 53. d4+ Ke6 54. Kc6 Ke7 55. d5 Kd8 1-0

[Event "Nowhere Open"]
[Site "Birch Run, MI"]
[Date "2001.10.14"]
[Round "4"]
[White "Kriseler, Mark"]
[Black "Laurin, Edward"]
[Result "1-0"]
[WhiteElo "1954"]
[BlackElo "1555"]
[PlyCount "35"]
[EventDate "2001.10.14"]

1. e4 b6 2. f4 Bb7 3. Nc3 e6 4. b3 Bb4 5. Bb2 Nf6 6. d3 Nc6 7. a3 Bc5 8. Nf3
Nd4 9. Na4 Nxf3+ 10. Qxf3 Be7 11. g4 d5 12. g5 dxe4 13. dxe4 Bxe4 14. Bb5+ Kf8
15. gxf6 Bxf6 16. Qxe4 Bh4+ 17. Ke2 a6 18. Rad1 1-0

[Event "Nowhere Open"]
[Site "Birch Run, MI"]
[Date "2001.10.14"]
[Round "3"]
[White "Gurski, Christina"]
[Black "Laurin, Edward"]
[Result "0-1"]
[WhiteElo "1076"]
[BlackElo "1555"]
[PlyCount "56"]
[EventDate "2001.10.14"]

1. e4 d6 2. d4 Nf6 3. Nc3 g6 4. Nf3 Bg7 5. Bc4 c6 6. O-O b5 7. Be2 b4 8. Nb1
Nxe4 9. Nbd2 Nxd2 10. Bxd2 Qb6 11. Be3 Nd7 12. c3 bxc3 13. bxc3 Ba6 14. Rb1
Bxe2 15. Qxe2 Qc7 16. Qd2 O-O 17. Rfe1 Rab8 18. Rxb8 Rxb8 19. Bh6 e5 20. Bxg7
Kxg7 21. Qe3 a6 22. dxe5 dxe5 23. c4 c5 24. Qg5 Rb6 25. Nh4 f6 26. Nf5+ Kf7 27.
Nh6+ Kf8 28. Qg4 Qd6 0-1

[Event "Genesee County CC Championship"]
[Site "Flint, MI"]
[Date "2001.10.17"]
[Round "2.8"]
[White "Whatling, David"]
[Black "Poniatowski, Don"]
[Result "0-1"]
[WhiteElo "807"]
[BlackElo "1235"]
[PlyCount "114"]
[EventDate "2001.10.10"]

1. e4 Nf6 2. Nc3 d5 3. Bd3 d4 4. Nce2 e5 5. Nf3 Nc6 6. b3 Bd6 7. c3 Bg4 8. Ng3
O-O 9. h3 Bd7 10. O-O Re8 11. Be2 h6 12. Nh2 a5 13. Ng4 Nxg4 14. Bxg4 dxc3 15.
dxc3 Qe7 16. f4 Rad8 17. Bd2 Bc5+ 18. Kh2 Bxg4 19. Qxg4 Rxd2 20. Nf5 Qf6 21.
fxe5 Qg5 22. Rf4 Qxg4 23. Rxg4 Nxe5 24. Rg3 Bd6 25. Kh1 Ng6 26. Nxd6 Rxd6 27.
Re3 Ne5 28. Re2 Red8 29. Ree1 Rd2 30. c4 Rc2 31. Rec1 Rdd2 32. Rxc2 Rxc2 33. a3
Rb2 34. Rd1 Rxb3 35. Rd8+ Kh7 36. Rc8 Rxa3 37. Rxc7 Rc3 38. c5 a4 39. Rxb7 Rxc5
40. Ra7 Rc4 41. Kg1 Rxe4 42. Kf2 Kg6 43. g3 Rb4 44. g4 h5 45. gxh5+ Kxh5 46.
Kg2 Nc4 47. Rxf7 a3 48. Rf1 Ne3+ 49. Kf2 Nxf1 50. Kxf1 a2 51. Ke2 a1=Q 52. Ke3
Qd4+ 53. Ke2 Qc3 54. Kd1 Qd3+ 55. Ke1 Rb1+ 56. Kf2 Rb2+ 57. Kg1 Qb1# 0-1

[Event "Genesee County CC Championship"]
[Site "Flint, MI"]
[Date "2001.10.17"]
[Round "2.3"]
[White "Vandivier, Don"]
[Black "Hazzard, Bill"]
[Result "1-0"]
[WhiteElo "1929"]
[BlackElo "1529"]
[PlyCount "51"]
[EventDate "2001.10.10"]

1. e4 d6 2. d4 Nf6 3. Nc3 Bg4 4. f3 Bh5 5. h4 h6 6. g4 Bg6 7. Be3 Nbd7 8. h5
Bh7 9. Qd2 e5 10. O-O-O Be7 11. Nh3 c6 12. Bc4 exd4 13. Bxd4 Ne5 14. Be2 Qc7
15. f4 Nexg4 16. Bxg4 Nxg4 17. Rhg1 Qd7 18. f5 Bxf5 19. exf5 Qxf5 20. Rde1 Ne5
21. Qe3 Bf6 22. Ne4 O-O 23. Ref1 Qxh5 24. Nxf6+ Kh8 25. Nxh5 Rg8 26. Nxg7 1-0

[Event "Genesee County CC Championship"]
[Site "Flint, MI"]
[Date "2001.10.17"]
[Round "2.13"]
[White "Schniers, Steve"]
[Black "DeVoss, Gary"]
[Result "0-1"]
[WhiteElo "638"]
[BlackElo "913"]
[PlyCount "64"]
[EventDate "2001.10.10"]

1. f4 c6 2. e4 Qc7 3. g3 e5 4. Qf3 Nf6 5. Bc4 d6 6. f5 b5 7. Bb3 a6 8. Nc3 Bb7
9. d3 Nbd7 10. Nge2 Nb6 11. Bg5 Be7 12. O-O-O h6 13. Bxf6 Bxf6 14. Qh5 O-O 15.
g4 Rad8 16. Rhg1 Bg5+ 17. Kb1 d5 18. exd5 cxd5 19. Nxd5 Nxd5 20. Nc3 Nxc3+ 21.
bxc3 Qxc3 22. Rge1 Bd5 23. Bxd5 Rxd5 24. Qh3 Rc8 25. Qg2 b4 26. Qxd5 Qxc2+ 27.
Ka1 Bf6 28. d4 exd4 29. Rxd4 Qc3+ 30. Kb1 Qxe1+ 31. Rd1 Qc3 32. Qd7 Qa1# 0-1

[Event "Genesee County CC Championship"]
[Site "Flint, MI"]
[Date "2001.10.17"]
[Round "2.2"]
[White "Laurin, Edward"]
[Black "Kriseler, Mark"]
[Result "0-1"]
[WhiteElo "1555"]
[BlackElo "1964"]
[Annotator "Edward Laurin"]
[PlyCount "48"]
[EventDate "2001.10.10"]

1. e4 e5 2. Nf3 Nc6 3. Bc4 b6 4. d4 exd4 5. Nxd4 Ne5 6. Bb3 Bb7 7. Qh5 Ng6 8.
O-O Nf6 9. Qe2 c5 10. Nf5 Qc7 11. Nc3 a6 12. Bg5 Nf4 13. Qc4 O-O-O 14. Bxf6
gxf6 15. Qxf7 Bd6 16. Nxd6+ Qxd6 17. Rad1 Qe5 18. f3 $2 {Better was to play
Qg7 and allow the bishop to control the g8 square. After 18) ... Bxe4 19) Nxe4
Qxe4 20) Rfe1} Rhg8 19. Rd2 Qg5 20. Rfd1 Nxg2 21. Rxd7 Nh4+ $2 {21) ... Ne1+
22) Kf2 Qg1+ 23) Kd2 Rg2++} 22. Kf2 Qg2+ 23. Ke3 Qxf3+ 24. Kd2 Rxd7+ 0-1

[Event "Genesee County CC Championship"]
[Site "Flint, MI"]
[Date "2001.10.17"]
[Round "2.7"]
[White "Katzenberger, Chad"]
[Black "Aldrich, Jeff"]
[Result "0-1"]
[WhiteElo "1387"]
[BlackElo "1900"]
[PlyCount "52"]
[EventDate "2001.10.10"]

1. e4 c6 2. b3 d5 3. Nc3 dxe4 4. Bb2 Bf5 5. Bc4 e6 6. g4 Bg6 7. g5 Qxg5 8. Nh3
Qg2 9. Rg1 Qxh3 10. Qe2 Nf6 11. O-O-O Nbd7 12. d3 b5 13. dxe4 bxc4 14. Qxc4 Be7
15. Ne2 O-O 16. Nf4 Qh6 17. e5 Nd5 18. Kb1 N7b6 19. Qxc6 Qxf4 20. Qb7 Bc5 21.
Bc1 Qe4 22. Rd2 Nc3+ 23. Ka1 Qxb7 24. f4 Qa6 25. a3 Bxa3 26. Bxa3 Qxa3# 0-1

[Event "Genesee County CC Championship"]
[Site "Flint, MI"]
[Date "2001.10.17"]
[Round "2.1"]
[White "Duncan, Jack"]
[Black "Aldrich, Justin"]
[Result "1-0"]
[WhiteElo "2063"]
[BlackElo "1554"]
[PlyCount "89"]
[EventDate "2001.10.10"]

1. e4 e5 2. Nf3 d6 3. d4 exd4 4. Nxd4 Nf6 5. Nc3 Be7 6. Be2 Bd7 7. O-O Nc6 8.
Kh1 Nxd4 9. Qxd4 Bc6 10. f4 O-O 11. Bf3 Nd7 12. Be3 Bf6 13. Qc4 Re8 14. Rfe1 a6
15. Rad1 Re7 16. e5 Bxf3 17. gxf3 dxe5 18. Nd5 Re6 19. Qxc7 Qc8 20. Qxd7 Qxd7
21. Nxf6+ Rxf6 22. Rxd7 exf4 23. Bd4 Rg6 24. Rxb7 h6 25. Rg1 Rxg1+ 26. Kxg1 Rc8
27. c3 Re8 28. Kf2 Re6 29. Rb6 Rxb6 30. Bxb6 g5 31. b4 f5 32. a4 Kf7 33. b5
axb5 34. a5 g4 35. Bc7 g3+ 36. hxg3 fxg3+ 37. Kxg3 Ke6 38. a6 f4+ 39. Bxf4 b4
40. cxb4 h5 41. a7 h4+ 42. Kg4 h3 43. a8=Q h2 44. Qe8+ Kf6 45. Be5# 1-0

[Event "Genesee County CC Championship"]
[Site "Flint, MI"]
[Date "2001.10.24"]
[Round "3.3"]
[White "Yufa, Leonid"]
[Black "Vandivier, Don"]
[Result "0-1"]
[WhiteElo "1641"]
[BlackElo "1929"]
[PlyCount "58"]
[EventDate "2001.10.10"]

1. e4 c5 2. Nf3 Nc6 3. d4 cxd4 4. Nxd4 g6 5. Nc3 Bg7 6. Nxc6 bxc6 7. Be2 Qb6 8.
O-O Nf6 9. e5 Ng8 10. Re1 Bxe5 11. Bc4 Qc7 12. f4 Bg7 13. Nd5 Qd6 14. Nc3 Qc5+
15. Kh1 Qxc4 16. Ne4 Qd5 17. Qe2 Nf6 18. Ng5 O-O 19. Be3 Qd6 20. Rad1 Qc7 21.
Qf3 d5 22. h3 h6 23. Bc5 hxg5 24. Rxe7 Qxf4 25. Qe2 Ne4 26. Rxe4 Qxe4 27. Qd2
Re8 28. Qxg5 Bxh3 29. Qg3 Qxc2 0-1

[Event "Genesee County CC Championship"]
[Site "Flint, MI"]
[Date "2001.10.24"]
[Round "3.10"]
[White "Sowa, Jason"]
[Black "Saylor, Oliver"]
[Result "0-1"]
[WhiteElo "626"]
[BlackElo "1518"]
[PlyCount "94"]
[EventDate "2001.10.10"]

1. e4 e5 2. Nf3 Nc6 3. d4 exd4 4. Nxd4 Nf6 5. Nc3 Bc5 6. Nxc6 bxc6 7. Bc4 d6 8.
O-O O-O 9. Bg5 Qe7 10. Bxf6 Qxf6 11. a3 Be6 12. Bxe6 Qxe6 13. b4 Bb6 14. Na4
Qxe4 15. Nxb6 cxb6 16. Qxd6 Qxc2 17. Rac1 Qa4 18. Rxc6 Rad8 19. Qc7 Qxa3 20. g3
g6 21. Rc4 Qa2 22. Rc2 Qa4 23. Rc4 Qa6 24. Qc6 Rc8 25. Qxc8 Rxc8 26. Rxc8+ Qxc8
27. Ra1 a6 28. Kg2 Qc6+ 29. f3 Qc2+ 30. Kh3 h5 31. Rxa6 Qc8+ 32. g4 Qxa6 33.
gxh5 g5 34. Kg4 f6 35. h4 Qc8+ 36. Kg3 gxh4+ 37. Kxh4 Qf5 38. b5 Qxb5 39. f4
Kg7 40. Kg4 Kh6 41. f5 Qc4+ 42. Kf3 Kxh5 43. Kf2 Qd3 44. Ke1 Qc2 45. Kf1 Kg4
46. Ke1 Kf3 47. Kf1 Qf2# 0-1

[Event "Genesee County CC Championship"]
[Site "Flint, MI"]
[Date "2001.10.24"]
[Round "3.5"]
[White "Skidmore, Jennifer"]
[Black "Poniatowski, Don"]
[Result "1-0"]
[WhiteElo "1886"]
[BlackElo "1235"]
[PlyCount "63"]
[EventDate "2001.10.10"]

1. e4 Nf6 2. e5 Nd5 3. d4 d6 4. f4 dxe5 5. fxe5 Bf5 6. Nf3 e6 7. Bd3 Bxd3 8.
Qxd3 Bb4+ 9. c3 Be7 10. O-O Nc6 11. Nbd2 Nb6 12. Ne4 h6 13. Be3 Qd7 14. a3 Na5
15. Ned2 Qd5 16. Rab1 Nac4 17. b3 Nxd2 18. Nxd2 Qd7 19. c4 a5 20. a4 c6 21. d5
Nxd5 22. cxd5 cxd5 23. Nf3 O-O 24. Nd4 Rac8 25. Rf3 g5 26. Rbf1 Bc5 27. Rh3 Kg7
28. Bxg5 Bxd4+ 29. Kh1 Rh8 30. Bf6+ Kf8 31. Bxh8 Bxe5 32. Bxe5 1-0